Szülőföldem szép határa... Ipolykeszi

Bibliographic Details
Main Author: Liszka, József, 1956- (Author)
Format: Article
Language:Hungarian
PhysicalDescription:Obr. 1
Subjects:

MARC

LEADER 00000nab a2200000 a 4500
001 vtls000511884
003 SK-MaSNL
005 20260319074053.0
008 120927c1994 xo 0 hun
015 |a SNBRB19rr/mm-uuuuu 
035 |a CL0512022 
040 |a SNKBUCL  |b slo  |c SNKBUCL  |e AACR2 
041 0 |a hun 
044 |a xo  |c SK 
080 |a 908.437.649  |2 1981 
100 1 |a Liszka, József,  |d 1956-  |4 aut  |9 58583 
245 1 0 |a Szülőföldem szép határa...  |b Ipolykeszi  |c József Liszka 
300 |b Obr. 1 
651 7 |a 5310  |2 snkbucl  |9 278057 
651 7 |a Kosihy nad Ipľom (Slovensko)  |2 snkbucl  |9 89692 
655 7 |a články z novín a časopisov  |2 snkbucl  |9 267496 
773 0 |t Cserkész  |g Roč. 5, č. 3 (1994), s. 24 
850 |a Slovenská národná knižnica v Martine  |a DSG001 
852 |a SNK  |b KIS3GCP 
958 |a RK 
992 |a RBX 
999 |c 1574213  |d 1576143